[Event "XIII C.to NATO"]
[Site "Brest FRA"]
[Date "2002.10.10"]
[Round "5"]
[White "Nielsen, Henrik Lindholt"]
[Black "Teodonio, Fabrizio"]
[Result "1-0"]
[WhiteElo "2048"]
[BlackElo "1907"]
[PlyCount "97"]
[EventDate "2002.10.07"]

1. d4 Nf6 2. Nf3 g6 3. g3 Bg7 4. c4 c6 5. Nc3 d5 6. Bg2 O-O 7. O-O Nbd7 8. cxd5
cxd5 9. Qb3 e6 10. Bf4 a6 11. Rac1 h6 12. Na4 Ne4 13. Rfd1 g5 14. Bc7 Qf6 15.
Nc3 Nxf2 16. Kxf2 g4 17. Kg1 gxf3 18. exf3 b5 19. Ne2 Bb7 20. a4 Rfc8 21. axb5
axb5 22. Qxb5 Ba6 23. Qxd7 Bxe2 24. Rd2 Qg5 25. f4 Qh5 26. h3 Bc4 27. b4 Qg6
28. Kh2 Bf6 29. b5 h5 30. b6 Ba6 31. Qc6 Bd8 32. b7 Bxb7 33. Qxb7 Bxc7 34. Rxc7
Rcb8 35. Qc6 Kg7 36. Qc3 Ra4 37. Qc2 Rab4 38. Qxg6+ Kxg6 39. Rcc2 Rb3 40. Rf2
Re3 41. f5+ Kf6 42. fxe6+ Kxe6 43. Rc6+ Kd7 44. Bxd5 f5 45. Rf6 Rd3 46. R6xf5
Rxd4 47. Rxh5 Kd6 48. Bg2 Rb3 49. Rg5 1-0

[Event "XIII C.to NATO"]
[Site "Brest FRA"]
[Date "2002.10.10"]
[Round "5"]
[White "Tia, Rudy jr"]
[Black "Tommasini, Enzo"]
[Result "1-0"]
[WhiteElo "2198"]
[BlackElo "2130"]
[PlyCount "48"]
[EventDate "2002.10.07"]

1. Nf3 d5 2. g3 c5 3. Bg2 Nc6 4. O-O e5 5. d3 f6 6. c4 Nge7 7. cxd5 Nxd5 8. Nc3
Nc7 9. Nd2 Be6 10. Bxc6+ bxc6 11. Qc2 Nb5 12. e3 Qd7 13. Na4 Qd5 14. Nb3 c4 15.
dxc4 Qxc4 16. Qxc4 Bxc4 17. Rd1 Be2 18. Rd2 Bf3 19. Nac5 Nd6 20. Ne6 Ke7 21.
Nbc5 Bd5 22. Nc7 Nc4 23. Nxa8 Nxd2 24. Bxd2 24... Kf7 {...} 1-0

[Event "XIII C.to NATO"]
[Site "Brest FRA"]
[Date "2002.10.10"]
[Round "6"]
[White "Benedetti, Fabrizio"]
[Black "Keough, Robert W."]
[Result "1-0"]
[WhiteElo "2212"]
[BlackElo "2090"]
[PlyCount "105"]
[EventDate "2002.10.07"]

1. e4 c5 2. Nf3 a6 3. d4 cxd4 4. Nxd4 e5 5. Ne2 Nf6 6. Nec3 Bb4 7. Bg5 Nc6 8.
Bc4 h6 9. Bxf6 Qxf6 10. O-O Bxc3 11. Nxc3 Ne7 12. a4 b6 13. Qd2 Bb7 14. f4 O-O
15. Rad1 Rad8 16. Kh1 exf4 17. Rxf4 Qg5 18. Qf2 d5 19. exd5 Bxd5 20. Nxd5 Nxd5
21. Rfd4 Ne3 22. Rxd8 Rxd8 23. Rxd8+ Qxd8 24. Qxe3 Qd1+ 25. Qg1 Qxc2 26. Bxa6
Qxb2 27. Bb5 Qf6 28. h3 g5 29. Qd1 Kg7 30. Qd5 Qa1+ 31. Kh2 Qf6 32. Qf3 Qd6+
33. Qg3 Qf6 34. Be2 Qd4 35. Bh5 Qc5 36. Qf3 Qe5+ 37. g3 Qb2+ 38. Kg1 Qd4+ 39.
Qf2 Qd7 40. Qb2+ Kg8 41. Qf6 Qc7 42. Bxf7+ Qxf7 43. Qxb6 Qe8 44. Kf2 Qf8+ 45.
Kg1 Qe8 46. a5 Qe1+ 47. Kg2 Qd2+ 48. Kf3 Qd3+ 49. Kg4 Qd7+ 50. Kh5 Qxh3+ 51.
Kg6 Qc8 52. Qb3+ Kh8 53. Qf7 1-0

[Event "XIII C.to NATO"]
[Site "Brest FRA"]
[Date "2002.10.10"]
[Round "6"]
[White "Crapulli, Giuseppe"]
[Black "Listowiecki, Tadeusz"]
[Result "0-1"]
[WhiteElo "1867"]
[BlackElo "2091"]
[PlyCount "70"]
[EventDate "2002.10.07"]

1. e4 c5 2. Nf3 d6 3. d4 cxd4 4. Nxd4 a6 5. c4 g6 6. Nc3 Bg7 7. Be3 Nf6 8. Be2
Nc6 9. O-O O-O 10. a3 Ne5 11. f3 Be6 12. b3 Nc6 13. Qd2 Rc8 14. Rac1 h5 15.
Rfd1 Kh7 16. b4 Nxd4 17. Bxd4 Bxc4 18. Bxc4 Rxc4 19. Nd5 Nxe4 20. Rxc4 Nxd2 21.
Rxd2 e6 22. Ne3 Qg5 23. Nf1 Qb5 24. Bxg7 Kxg7 25. Rcd4 d5 26. f4 Rc8 27. R4d3
Rc4 28. g3 Qc6 29. Kf2 h4 30. Ne3 Rc1 31. gxh4 Rh1 32. Kg3 Qc1 33. Nd1 Re1 34.
Kf2 Re4 35. Kf3 Qc7 0-1

[Event "XIII C.to NATO"]
[Site "Brest FRA"]
[Date "2002.10.10"]
[Round "6"]
[White "Schott, Guido"]
[Black "Donati, Roberto"]
[Result "1-0"]
[WhiteElo "2183"]
[BlackElo "2216"]
[PlyCount "75"]
[EventDate "2002.10.07"]

1. e4 c5 2. Nf3 d6 3. d3 Nc6 4. g3 Bg4 5. Bg2 Nd4 6. Nbd2 e5 7. c3 Nc6 8. h3
Be6 9. O-O Be7 10. d4 cxd4 11. cxd4 exd4 12. Nb3 Bc4 13. Re1 d3 14. Nbd4 Nxd4
15. Nxd4 Qd7 16. b3 Ba6 17. Nf5 Bf6 18. Ba3 Bxa1 19. Nxd6+ Kd8 20. Qxa1 Nf6 21.
Qd4 Kc7 22. Rc1+ Kb8 23. Qe5 Qe6 24. Qxe6 fxe6 25. Nf7 b5 26. Nxh8 Kb7 27. Nf7
Kb6 28. Bc5+ Ka5 29. Ne5 b4 30. Be3 Bb5 31. f3 Rd8 32. Rd1 h6 33. Bf1 Nd7 34.
Nxd3 Ne5 35. Nb2 Nxf3+ 36. Kg2 Bxf1+ 37. Rxf1 Ne5 38. Bf4 1-0

[Event "XIII C.to NATO"]
[Site "Brest FRA"]
[Date "2002.10.10"]
[Round "6"]
[White "Tommasini, Enzo"]
[Black "Cooper, Lawrence H."]
[Result "0-1"]
[WhiteElo "2130"]
[BlackElo "2348"]
[PlyCount "114"]
[EventDate "2002.10.07"]

1. d4 Nf6 2. Nf3 d6 3. g3 Bg4 4. Bg2 e6 5. O-O Nbd7 6. Nbd2 d5 7. c4 c6 8. b3
Be7 9. Bb2 O-O 10. Ne5 Bf5 11. Ndf3 h6 12. Rc1 Nxe5 13. dxe5 Nd7 14. cxd5 cxd5
15. Nd4 Bh7 16. Bh3 Qb6 17. e3 Rfe8 18. f4 Be4 19. Qe2 Bf8 20. Qb5 Nc5 21. Rfd1
Qd8 22. Qe2 a6 23. Nf3 Qa5 24. Bd4 Rac8 25. Bg2 Nd7 26. Ne1 Bxg2 27. Kxg2 Ba3
28. Bb2 Nc5 29. Bxa3 Qxa3 30. Rc2 Ne4 31. Rd3 Rc5 32. Rxc5 Qxc5 33. Nf3 Rc8 34.
Nd4 Qc1 35. Rd1 Qc7 36. Rd3 Qa5 37. h4 Rc1 38. f5 exf5 39. Nxf5 Qc7 40. Nd4
Qxe5 41. Qg4 Nf6 42. Qf3 Qe4 43. Rd2 Ng4 44. Re2 h5 45. Qxe4 dxe4 46. Nf5 Rd1
47. Rc2 g6 48. Rc8+ Kh7 49. Ne7 Nxe3+ 50. Kf2 Ng4+ 51. Ke2 Rd7 52. Ng8 e3 53.
Re8 Rd2+ 54. Ke1 Rxa2 55. Ne7 Ne5 56. Nd5 Nf3+ 57. Kd1 Rd2+ 0-1

[Event "XIII C.to NATO"]
[Site "Brest FRA"]
[Date "2002.10.11"]
[Round "7"]
[White "Engelen, Johan H.H.M."]
[Black "Crapulli, Giuseppe"]
[Result "1/2-1/2"]
[WhiteElo "2018"]
[BlackElo "1867"]
[PlyCount "47"]
[EventDate "2002.10.07"]

1. d4 Nf6 2. Nc3 d5 3. Bg5 Nbd7 4. e3 e6 5. a3 Be7 6. Nf3 O-O 7. Be2 c5 8. O-O
a6 9. dxc5 Nxc5 10. b4 Nce4 11. Nxe4 Nxe4 12. Bxe7 Qxe7 13. c4 dxc4 14. Bxc4 b5
15. Bd3 Bb7 16. Qb3 Rac8 17. Rfc1 Qf6 18. Bxe4 Bxe4 19. Nd4 Qg5 20. g3 Bd5 21.
Qd1 Rcd8 22. f4 Qg6 23. Qc2 Be4 24. Qf2 1/2-1/2

[Event "XIII C.to NATO"]
[Site "Brest FRA"]
[Date "2002.10.11"]
[Round "7"]
[White "Fiedler, Holger"]
[Black "Benedetti, Fabrizio"]
[Result "1-0"]
[WhiteElo "2128"]
[BlackElo "2212"]
[PlyCount "45"]
[EventDate "2002.10.07"]

1. e4 c5 2. Nf3 Nc6 3. d4 cxd4 4. Nxd4 Nf6 5. Nc3 Qc7 6. Be2 e6 7. O-O a6 8.
Nxc6 bxc6 9. Bf3 Bd6 10. g3 h5 11. Bg5 Be5 12. Na4 Rb8 13. c3 Rb5 14. Be3 d5
15. exd5 exd5 16. Re1 Ng4 17. Bd4 f6 18. h3 Kf7 19. hxg4 hxg4 20. Bxe5 fxe5 21.
Bxg4 e4 22. Kg2 d4 23. Rxe4 1-0

[Event "XXV Corsicoscacchi Magistrale"]
[Site "Corsico ITA"]
[Date "2002.10.05"]
[Round "1"]
[White "Berni, Fabrizio"]
[Black "Sbarra, Marco"]
[Result "1-0"]
[WhiteElo "2117"]
[BlackElo "2220"]
[PlyCount "83"]
[EventDate "2002.10.05"]

1. e4 c5 2. Nf3 Nc6 3. d4 cxd4 4. Nxd4 e6 5. Nc3 Qc7 6. g3 a6 7. Bg2 d6 8. O-O
Bd7 9. a4 Nf6 10. Kh1 Be7 11. f4 Rc8 12. Nb3 Nb4 13. a5 h6 14. Be3 e5 15. Nd2
O-O 16. f5 Rfe8 17. Rf2 Qb8 18. Nf1 Bd8 19. Rd2 Be7 20. g4 Red8 21. Bb6 Re8 22.
Qe2 Bf8 23. Ne3 Bc6 24. Nf1 Bd7 25. h4 Nh7 26. Ne3 Be7 27. Qf2 Bc6 28. Rad1 Bf8
29. Bf3 Be7 30. Qg3 f6 31. Qg2 Nf8 32. Be2 Nd7 33. Bc4+ Kf8 34. g5 fxg5 35.
hxg5 Bxg5 36. Rxd6 Nxb6 37. axb6 Rcd8 38. f6 Rxd6 39. fxg7+ Kxg7 40. Nf5+ Kh7
41. Rxd6 Rd8 42. Qxg5 1-0

[Event "XXV Corsicoscacchi Magistrale"]
[Site "Corsico ITA"]
[Date "2002.10.05"]
[Round "1"]
[White "Bonazzi, Edoardo"]
[Black "Cereda, Loris"]
[Result "1/2-1/2"]
[WhiteElo "2135"]
[BlackElo "1926"]
[PlyCount "80"]
[EventDate "2002.10.05"]

1. c4 e5 2. g3 g6 3. Bg2 Bg7 4. Nc3 Nc6 5. d3 d6 6. Nf3 Nge7 7. O-O O-O 8. Rb1
a5 9. a3 Be6 10. Ne1 Qd7 11. Nd5 Nd8 12. Nxe7+ Qxe7 13. b4 axb4 14. axb4 f5 15.
Nc2 f4 16. b5 Rb8 17. Bd2 Bg4 18. Nb4 c6 19. bxc6 bxc6 20. Nd5 Qa7 21. Rxb8
Qxb8 22. Ne7+ Kh8 23. Nxc6 Nxc6 24. Bxc6 fxg3 25. hxg3 Bh3 26. Bg2 Bxg2 27.
Kxg2 Qb7+ 28. e4 Qb2 29. Qc1 Rb8 30. Bc3 Qxc1 31. Rxc1 Bh6 32. Rc2 Rb1 33. f4
Bg7 34. fxe5 Bxe5 35. d4 Bf6 36. e5 dxe5 37. d5 Rd1 38. Bd2 e4 39. Bc3 Kg7 40.
Bxf6+ Kxf6 1/2-1/2

[Event "XXV Corsicoscacchi Magistrale"]
[Site "Corsico ITA"]
[Date "2002.10.05"]
[Round "1"]
[White "Gagliardi, Christian"]
[Black "Mazzariol, Oscar"]
[Result "1/2-1/2"]
[WhiteElo "2152"]
[BlackElo "2141"]
[PlyCount "84"]
[EventDate "2002.10.05"]

1. Nf3 Nf6 2. g3 b5 3. Bg2 Bb7 4. O-O e6 5. d3 d6 6. e4 Nbd7 7. Nbd2 Be7 8. Re1
e5 9. Nf1 O-O 10. Nh4 g6 11. Bh6 Re8 12. h3 Bf8 13. Bxf8 Nxf8 14. Qd2 Kg7 15.
Rad1 c5 16. Ne3 Rb8 17. Kh2 d5 18. exd5 Nxd5 19. Ng4 f6 20. Qh6+ Kf7 21. Nf3
Ne7 22. Rxe5 Bxf3 23. Rxe7+ Rxe7 24. Bxf3 Rb6 25. Ne3 Rd6 26. h4 Kg8 27. h5 Ne6
28. hxg6 Nd4 29. Bg2 hxg6 30. Qxg6+ Rg7 31. Qe4 Rh7+ 32. Kg1 Qd7 33. c3 Re7 34.
Qg6+ Rg7 35. Qh5 Rg5 36. Qh4 Nf5 37. Nxf5 Qxf5 38. Be4 Qd7 39. Re1 Rg4 40. Qh5
Rg5 41. Qh4 Rg4 42. Qh5 Rg5 1/2-1/2

[Event "XXV Corsicoscacchi Magistrale"]
[Site "Corsico ITA"]
[Date "2002.10.05"]
[Round "1"]
[White "Giordani, Marco"]
[Black "Damia, Angelo"]
[Result "1-0"]
[WhiteElo "2097"]
[BlackElo "1885"]
[PlyCount "103"]
[EventDate "2002.10.05"]

1. d4 Nf6 2. c4 g6 3. Nc3 Bg7 4. e4 d6 5. f3 O-O 6. Be3 Nc6 7. Qd2 e5 8. d5 Ne7
9. Bd3 Ne8 10. Nge2 f5 11. exf5 Bxf5 12. Ng3 Bxd3 13. Qxd3 Nf5 14. Nxf5 gxf5
15. O-O f4 16. Bf2 Qg5 17. Ne4 Qg6 18. b4 Nf6 19. c5 Nxe4 20. Qxe4 a6 21. Rac1
Rac8 22. Rc3 Qf7 23. c6 b6 24. Ra3 Ra8 25. Rd1 Ra7 26. Qc4 Rfa8 27. Qe2 a5 28.
b5 Re8 29. Qe4 Rea8 30. Rc1 Rc8 31. Rc4 Qg6 32. Be1 Rca8 33. g4 fxg3 34. hxg3
Qxe4 35. Rxe4 Rf8 36. Bd2 Rf7 37. Kg2 Rf6 38. f4 exf4 39. gxf4 Rf5 40. Rg3 Kf7
41. Rg5 Rxg5+ 42. fxg5 Be5 43. Kf3 Kg6 44. Rxe5 dxe5 45. Ke4 a4 46. d6 cxd6 47.
Be3 Kf7 48. Kd5 Ke7 49. Bxb6 Ra8 50. c7 Rf8 51. Kc6 Rf4 52. c8=Q 1-0

[Event "XXV Corsicoscacchi Magistrale"]
[Site "Corsico ITA"]
[Date "2002.10.05"]
[Round "1"]
[White "Massironi, Marco"]
[Black "Mazzini, Antonio"]
[Result "1-0"]
[WhiteElo "1771"]
[BlackElo "2122"]
[PlyCount "61"]
[EventDate "2002.10.05"]

1. e4 g6 2. d4 Bg7 3. Nc3 c6 4. Bc4 d5 5. exd5 b5 6. Bb3 b4 7. Nce2 cxd5 8. Nf3
Nc6 9. h3 e6 10. O-O Nge7 11. Bg5 f6 12. Bh4 O-O 13. Re1 Nf5 14. Nf4 g5 15.
Nxe6 Bxe6 16. Rxe6 Qd7 17. Rxc6 Qxc6 18. Bg3 a5 19. c4 bxc3 20. Rc1 Rac8 21.
Rxc3 Qd7 22. Rc5 Rxc5 23. dxc5 Rd8 24. Bh2 Bf8 25. Ba4 Qe6 26. c6 Bd6 27. Bxd6
Qxd6 28. Qd2 Qc5 29. Nxg5 Ng3 30. Ne6 Ne4 31. Qf4 1-0

[Event "XXV Corsicoscacchi Magistrale"]
[Site "Corsico ITA"]
[Date "2002.10.05"]
[Round "1"]
[White "Poletto, Daniele"]
[Black "Bozzali, Ermanno"]
[Result "0-1"]
[WhiteElo "1912"]
[BlackElo "2135"]
[PlyCount "110"]
[EventDate "2002.10.05"]

1. c4 c5 2. Nc3 Nc6 3. g3 g6 4. Bg2 Bg7 5. e4 e6 6. Nge2 Nge7 7. O-O O-O 8. d3
d6 9. Be3 Nd4 10. Qd2 Nec6 11. Bh6 Bd7 12. Bxg7 Kxg7 13. f4 Rb8 14. Rab1 Qa5
15. Rfd1 Nxe2+ 16. Qxe2 Nd4 17. Qd2 b5 18. cxb5 Bxb5 19. Nxb5 Qxd2 20. Rxd2
Rxb5 21. Kf2 Rfb8 22. Bf3 Ra5 23. b3 Ra3 24. Rbb2 f6 25. Be2 e5 26. Ke3 Kf7 27.
Bf1 Ke7 28. Bh3 a5 29. Bf1 Nc6 30. Be2 a4 31. Bd1 Na5 32. Ke2 axb3 33. axb3 Nc6
34. Ke3 Rba8 35. Bc2 Nb4 36. Bb1 Rb8 37. Re2 Nc6 38. Bc2 Nd4 39. Rd2 Kd7 40.
Rd1 h5 41. h3 c4 42. dxc4 Nxc2+ 43. Rxc2 Rbxb3+ 44. Kf2 Rf3+ 45. Ke1 Rae3+ 46.
Re2 Rc3 47. Red2 Rce3+ 48. Re2 Rxg3 49. fxe5 Rg1+ 50. Kf2 Rxd1 51. Rxe3 dxe5
52. Rc3 Rd4 53. Ke3 f5 54. exf5 gxf5 55. Kf2 Kc6 0-1

[Event "XXV Corsicoscacchi Magistrale"]
[Site "Corsico ITA"]
[Date "2002.10.05"]
[Round "1"]
[White "Ubezio, Marco"]
[Black "Rossi, Giampiero"]
[Result "0-1"]
[WhiteElo "2195"]
[BlackElo "2056"]
[PlyCount "164"]
[EventDate "2002.10.05"]

1. d4 d5 2. Bg5 c6 3. Nf3 h6 4. Bh4 Qb6 5. b3 Bf5 6. e3 e6 7. Bd3 Bxd3 8. Qxd3
Nd7 9. O-O Ngf6 10. c4 a5 11. Nc3 Be7 12. Rfe1 O-O 13. e4 dxe4 14. Nxe4 Rfe8
15. Nxf6+ Nxf6 16. Ne5 Rad8 17. c5 Qb4 18. Rad1 Nd7 19. Nxd7 Rxd7 20. Bxe7
Rexe7 21. Re4 Rd5 22. Rc1 Red7 23. Rc4 Qb5 24. Qc3 Qa6 25. Ra4 b6 26. cxb6 Qxb6
27. Rc4 c5 28. dxc5 Rxc5 29. h3 Rxc4 30. bxc4 Qb1+ 31. Re1 Qxa2 32. c5 Qd2 33.
Qxd2 Rxd2 34. Ra1 Rc2 35. Rxa5 g6 36. Ra8+ Kg7 37. Rc8 Kf6 38. g4 Ke5 39. c6 f5
40. Kg2 fxg4 41. hxg4 h5 42. g5 Kf5 43. c7 Kxg5 44. Kg3 e5 45. f3 Rc3 46. Re8
Rxc7 47. Rxe5+ Kf6 48. Ra5 Rc6 49. Rb5 g5 50. Ra5 Re6 51. Rb5 Re5 52. Rb8 Rc5
53. Rf8+ Kg7 54. Ra8 Rf5 55. Ra6 Rf6 56. Ra4 Kg6 57. Rb4 Re6 58. Ra4 Kf5 59.
Ra8 h4+ 60. Kf2 Rb6 61. Rf8+ Kg6 62. Rg8+ Kh6 63. f4 Rf6 64. Kg2 Rxf4 65. Kh3
Rf3+ 66. Kg2 Rg3+ 67. Kh2 Kh5 68. Ra8 Rf3 69. Ra5 h3 70. Ra8 Kh4 71. Ra4+ Rf4
72. Ra3 Rf2+ 73. Kg1 Rg2+ 74. Kh1 Rb2 75. Ra4+ g4 76. Ra1 g3 77. Ra4+ Kg5 78.
Ra1 Kf4 79. Ra4+ Kf3 80. Ra1 Rd2 81. Ra3+ Kf2 82. Rd3 Re2 0-1

[Event "XXV Corsicoscacchi Magistrale"]
[Site "Corsico ITA"]
[Date "2002.10.05"]
[Round "2"]
[White "Bozzali, Ermanno"]
[Black "Berni, Fabrizio"]
[Result "0-1"]
[WhiteElo "2135"]
[BlackElo "2117"]
[PlyCount "80"]
[EventDate "2002.10.05"]

1. d4 d5 2. Nf3 Nf6 3. Bf4 g6 4. e3 Bg7 5. Be2 O-O 6. h3 c5 7. c3 cxd4 8. exd4
Nc6 9. O-O Bf5 10. Nbd2 Ne4 11. Re1 Nxd2 12. Qxd2 Rc8 13. g4 Bd7 14. Bf1 f6 15.
Re2 Be8 16. Rae1 Bf7 17. Bg2 Qd7 18. g5 Rfe8 19. Nh2 Na5 20. b3 f5 21. c4 Nc6
22. cxd5 Bxd5 23. Bxd5+ Qxd5 24. Be5 Rcd8 25. Qf4 Bxe5 26. dxe5 Nd4 27. Rd2 Ne6
28. Rxd5 Nxf4 29. Rxd8 Rxd8 30. h4 Rd2 31. Nf1 Rxa2 32. Rd1 Nh3+ 33. Kg2 Nxf2
34. Rd7 Ng4+ 35. Kg3 Kf7 36. Rxb7 Ke6 37. Rb8 Rf2 38. Ne3 f4+ 39. Kxg4 fxe3 40.
Kg3 Rf1 0-1

[Event "XXV Corsicoscacchi Magistrale"]
[Site "Corsico ITA"]
[Date "2002.10.05"]
[Round "2"]
[White "Cereda, Loris"]
[Black "Gagliardi, Christian"]
[Result "1-0"]
[WhiteElo "1926"]
[BlackElo "2152"]
[PlyCount "75"]
[EventDate "2002.10.05"]

1. e4 d6 2. f4 g6 3. Nf3 Bg7 4. Nc3 c5 5. Bb5+ Nc6 6. Bxc6+ bxc6 7. d3 e6 8.
O-O Ne7 9. Qe1 O-O 10. Be3 Rb8 11. Rb1 Qa5 12. Qh4 Re8 13. Bd2 Qc7 14. Ng5 h6
15. Nh3 f5 16. Kh1 Kf7 17. g4 Ng8 18. Rg1 Ne7 19. Qg3 Rg8 20. gxf5 exf5 21. Qf3
Be6 22. Be3 Bxc3 23. bxc3 d5 24. exf5 Nxf5 25. Bxc5 Qa5 26. d4 Qc7 27. Nf2 Nh4
28. Qe3 Rxb1 29. Rxb1 Rb8 30. Rb3 Re8 31. Nd3 Bf5 32. Ne5+ Kg7 33. Qg3 Be4+ 34.
Kg1 Ng2 35. h4 Kh7 36. f5 g5 37. hxg5 hxg5 38. Qxg5 1-0

[Event "XXV Corsicoscacchi Magistrale"]
[Site "Corsico ITA"]
[Date "2002.10.05"]
[Round "2"]
[White "Damia, Angelo"]
[Black "Ubezio, Marco"]
[Result "0-1"]
[WhiteElo "1885"]
[BlackElo "2195"]
[PlyCount "50"]
[EventDate "2002.10.05"]

1. e4 Nf6 2. Nc3 d5 3. exd5 Nxd5 4. Nxd5 Qxd5 5. Qf3 Qc5 6. c3 e5 7. Bd3 Nc6 8.
Ne2 Be6 9. Be4 O-O-O 10. O-O Bd5 11. b4 Bxe4 12. Qxe4 Qd5 13. Qxd5 Rxd5 14. a4
Be7 15. b5 Na5 16. d4 exd4 17. Nxd4 Nc4 18. Be3 Re8 19. Rfe1 Ba3 20. Ne2 Rde5
21. Kf1 Nxe3+ 22. fxe3 Bc5 23. Nc1 Rf5+ 24. Ke2 Rxe3+ 25. Kd2 Rd5+ 0-1

[Event "XXV Corsicoscacchi Magistrale"]
[Site "Corsico ITA"]
[Date "2002.10.05"]
[Round "2"]
[White "Mazzariol, Oscar"]
[Black "Massironi, Marco"]
[Result "1-0"]
[WhiteElo "2141"]
[BlackElo "1771"]
[PlyCount "57"]
[EventDate "2002.10.05"]

1. e4 c5 2. Nf3 d6 3. c3 Nf6 4. h3 Nc6 5. Bd3 g6 6. O-O Bg7 7. Bc2 O-O 8. d4 e5
9. Nbd2 Ne8 10. dxc5 dxc5 11. Qe2 Qe7 12. Nc4 Be6 13. Be3 f5 14. Ng5 Nc7 15. f4
Bd7 16. fxe5 Bxe5 17. Nxe5 Nxe5 18. Bb3+ Kh8 19. exf5 Bxf5 20. Bf4 Nf3+ 21.
Qxf3 c4 22. Rae1 Qc5+ 23. Be3 Qb5 24. Bd4+ Kg8 25. Qg3 cxb3 26. Qxc7 Bd7 27.
axb3 Rae8 28. Rxf8+ Rxf8 29. Re7 1-0

[Event "XXV Corsicoscacchi Magistrale"]
[Site "Corsico ITA"]
[Date "2002.10.05"]
[Round "2"]
[White "Mazzini, Antonio"]
[Black "Poletto, Daniele"]
[Result "1-0"]
[WhiteElo "2122"]
[BlackElo "1912"]
[PlyCount "113"]
[EventDate "2002.10.05"]

1. d4 Nf6 2. Nf3 g6 3. e3 Bg7 4. c4 d6 5. Nc3 O-O 6. Qc2 Nbd7 7. Bd3 c6 8. O-O
e5 9. Bd2 Re8 10. Rad1 Qc7 11. b4 Nf8 12. dxe5 dxe5 13. h3 Bd7 14. Ng5 Rad8 15.
Nge4 Nxe4 16. Nxe4 Bf5 17. Bc3 Bxe4 18. Bxe4 Ne6 19. Bf3 Rxd1 20. Rxd1 Rd8 21.
Rxd8+ Qxd8 22. c5 Nc7 23. a4 Nd5 24. Be1 Ne7 25. b5 Qd7 26. Qb3 Kf8 27. bxc6
Nxc6 28. Bd5 h6 29. e4 f5 30. exf5 gxf5 31. Be6 Nd4 32. Bxd7 Nxb3 33. Bb4 Kf7
34. c6 bxc6 35. Bxc6 Ke6 36. Kf1 e4 37. Bb7 Kd7 38. Bd5 Nc1 39. Bd2 Nd3 40. f3
exf3 41. Bxf3 Nc5 42. a5 Kc7 43. Be3 Bf8 44. Ke2 Nb7 45. Bf4+ Kc8 46. Bd2 Kc7
47. Kd3 Bg7 48. Kc4 Nd6+ 49. Kd5 Kd7 50. Bf4 Bf8 51. Bd1 a6 52. Ba4+ Kc7 53.
Bc6 h5 54. Be8 h4 55. Ba4 Be7 56. Ke6 Bf8 57. Bd7 1-0

[Event "XXV Corsicoscacchi Magistrale"]
[Site "Corsico ITA"]
[Date "2002.10.05"]
[Round "2"]
[White "Rossi, Giampiero"]
[Black "Giordani, Marco"]
[Result "0-1"]
[WhiteElo "2056"]
[BlackElo "2097"]
[PlyCount "72"]
[EventDate "2002.10.05"]

1. d4 e6 2. c4 Nf6 3. Nc3 Bb4 4. Qc2 O-O 5. a3 Bxc3+ 6. Qxc3 b6 7. Bg5 Bb7 8.
f3 d6 9. e3 Nbd7 10. Bd3 c5 11. Ne2 Rc8 12. O-O cxd4 13. exd4 b5 14. Qb4 bxc4
15. Bxc4 Qb6 16. Qxb6 Nxb6 17. Bb3 Ba6 18. Rfe1 Nc4 19. Bxc4 Rxc4 20. Rac1 Rxc1
21. Bxc1 Bxe2 22. Rxe2 Rc8 23. Be3 Nd5 24. Kf2 Kf8 25. Rd2 a5 26. Ke2 a4 27. g3
Ke7 28. Bf2 f5 29. Kd1 Kd7 30. Rc2 Rb8 31. Ke2 Rb3 32. Bg1 f4 33. Rd2 g5 34. g4
Nb6 35. d5 Nxd5 36. Bd4 e5 0-1

[Event "XXV Corsicoscacchi Magistrale"]
[Site "Corsico ITA"]
[Date "2002.10.05"]
[Round "2"]
[White "Sbarra, Marco"]
[Black "Bonazzi, Edoardo"]
[Result "1-0"]
[WhiteElo "2220"]
[BlackElo "2135"]
[PlyCount "111"]
[EventDate "2002.10.05"]

1. e4 c5 2. Nf3 e6 3. b3 Nc6 4. Bb5 Nd4 5. Nxd4 cxd4 6. O-O g6 7. Bb2 Bg7 8. c3
Ne7 9. cxd4 Qb6 10. Na3 O-O 11. Bd3 d5 12. e5 Nc6 13. Nc2 f6 14. Qe2 Bd7 15.
Ba3 Rf7 16. Bc5 Qd8 17. f4 f5 18. Kh1 Bf8 19. Qf2 b6 20. Bxf8 Qxf8 21. a3 Rc8
22. Rfc1 Na5 23. Rab1 Qe8 24. b4 Bb5 25. Bxb5 Qxb5 26. bxa5 Rxc2 27. Rxb5 Rxc1+
28. Qg1 Rxg1+ 29. Kxg1 bxa5 30. Rxa5 Rb7 31. Kf2 Kf7 32. Ke3 Ke7 33. Ra6 Rb3+
34. Ke2 Rb7 35. Kd3 Rc7 36. Ra5 Kd7 37. Rb5 Rc6 38. Rb8 Rc8 39. Rb4 Rc6 40. Ra4
Rc7 41. Ra6 Ke7 42. h3 h5 43. Ke3 Kf7 44. Kf3 h4 45. g3 Re7 46. gxh4 Kg7 47. h5
gxh5 48. Kg3 Kh6 49. Kh4 Kg6 50. a4 Kh6 51. a5 Kg6 52. Rc6 Kh6 53. a6 Kg6 54.
Rc8 Kh6 55. Rh8+ Kg7 56. Rb8 1-0

[Event "XXV Corsicoscacchi Magistrale"]
[Site "Corsico ITA"]
[Date "2002.10.06"]
[Round "3"]
[White "Bonazzi, Edoardo"]
[Black "Gagliardi, Christian"]
[Result "1-0"]
[WhiteElo "2135"]
[BlackElo "2152"]
[PlyCount "103"]
[EventDate "2002.10.05"]

1. Nf3 Nf6 2. c4 g6 3. Nc3 Bg7 4. e4 d6 5. d4 O-O 6. Be2 Nbd7 7. O-O e5 8. Be3
c6 9. d5 Qc7 10. Nd2 c5 11. a3 a6 12. b4 Ne8 13. g4 Kh8 14. Qc2 b6 15. f3 Qd8
16. Nb3 Bf6 17. Qd2 Ng7 18. bxc5 bxc5 19. Na4 Bh4 20. Na5 f5 21. Nc6 Qe8 22.
Rab1 Bd8 23. h3 Bc7 24. Kg2 Rf7 25. Bd3 Qg8 26. Qc2 h5 27. Bg5 Nf6 28. Bxf6
Rxf6 29. Ne7 Qe8 30. Nxc8 Qxc8 31. exf5 gxf5 32. Bxf5 Nxf5 33. gxf5 Rxf5 34.
Nc3 Qg8+ 35. Kh2 Raf8 36. Qe2 Qg5 37. Ne4 Qf4+ 38. Kh1 Qh4 39. Rf2 Rf4 40. Rbf1
R4f7 41. Rg1 Rg8 42. Rxg8+ Kxg8 43. Rg2+ Kh8 44. Ng5 Rf5 45. Qe3 Qf4 46. Qxf4
Rxf4 47. Ne6 Rxf3 48. Nxc7 Rxh3+ 49. Rh2 Rxa3 50. Rxh5+ Kg8 51. Ne8 Kf8 52.
Nxd6 1-0

[Event "XXV Corsicoscacchi Magistrale"]
[Site "Corsico ITA"]
[Date "2002.10.06"]
[Round "3"]
[White "Cereda, Loris"]
[Black "Mazzariol, Oscar"]
[Result "1/2-1/2"]
[WhiteElo "1926"]
[BlackElo "2141"]
[PlyCount "49"]
[EventDate "2002.10.05"]

1. e4 e5 2. Nc3 Nf6 3. Bc4 Bc5 4. d3 h6 5. Be3 Bb6 6. Bxb6 axb6 7. Nge2 d6 8.
O-O Nbd7 9. Qd2 c6 10. f4 b5 11. Bb3 Nc5 12. fxe5 dxe5 13. Qe3 Nxb3 14. axb3
Rxa1 15. Rxa1 O-O 16. h3 Be6 17. Ng3 Qd7 18. Rf1 Kh7 19. Qc5 Re8 20. Nf5 Nh5
21. Ne2 g6 22. Neg3 Nf4 23. Qxe5 Nxh3+ 24. gxh3 Bxf5 25. Qf4 1/2-1/2

[Event "XXV Corsicoscacchi Magistrale"]
[Site "Corsico ITA"]
[Date "2002.10.06"]
[Round "3"]
[White "Giordani, Marco"]
[Black "Berni, Fabrizio"]
[Result "1-0"]
[WhiteElo "2097"]
[BlackElo "2117"]
[PlyCount "35"]
[EventDate "2002.10.05"]

1. d4 d5 2. c4 e6 3. Nc3 Nf6 4. Bg5 Nbd7 5. e3 c6 6. Nf3 Qa5 7. Nd2 Bb4 8. Qc2
O-O 9. a3 Ne4 10. Ndxe4 dxe4 11. Bh4 e5 12. Rd1 exd4 13. axb4 Qh5 14. Rxd4 Qxh4
15. Qxe4 Qh6 16. Qe7 Nf6 17. Rd8 Bg4 18. Qxf8# 1-0

[Event "XXV Corsicoscacchi Magistrale"]
[Site "Corsico ITA"]
[Date "2002.10.06"]
[Round "3"]
[White "Massironi, Marco"]
[Black "Sbarra, Marco"]
[Result "0-1"]
[WhiteElo "1771"]
[BlackElo "2220"]
[PlyCount "96"]
[EventDate "2002.10.05"]

1. e4 c5 2. Nf3 Nc6 3. d4 cxd4 4. Nxd4 e6 5. c4 Nf6 6. Nc3 Bb4 7. f3 d5 8. cxd5
exd5 9. Bb5 Bd7 10. exd5 Nxd5 11. O-O Nxc3 12. bxc3 Bxc3 13. Nxc6 bxc6 14. Qb3
Qb6+ 15. Kh1 Bxa1 16. Re1+ Kd8 17. Qxf7 Qxb5 18. Rd1 c5 19. Bg5+ Bf6 20. Qxg7
Bxg5 21. Qxh8+ Kc7 22. Qxa8 Qa4 23. Qd5 Be7 24. Qe5+ Kc6 25. Qe2 Bd6 26. Qd3
Qf4 27. g3 Qf6 28. Rb1 Kc7 29. Rf1 h5 30. Qe4 Qf5 31. Qe1 Bc6 32. Qa5+ Kb7 33.
Kg2 h4 34. Qe1 h3+ 35. Kg1 c4 36. Qb1+ Qxb1 37. Rxb1+ Kc7 38. Kf2 c3 39. Rc1
Bb4 40. a3 Ba5 41. f4 Ba4 42. g4 c2 43. Ke2 Bc3 44. Rg1 Bb2 45. Kd2 Bxa3 46. f5
c1=Q+ 47. Rxc1+ Bxc1+ 48. Kxc1 Kd6 0-1